Model predictive control of high power converters and industrial drives / (Record no. 174650)

000 -LEADER
fixed length control field 01612cam a22003738i 4500
001 - CONTROL NUMBER
control field 19032556
003 - CONTROL NUMBER IDENTIFIER
control field Nust
005 - DATE AND TIME OF LATEST TRANSACTION
control field 20170206112517.0
008 - FIXED-LENGTH DATA ELEMENTS--GENERAL INFORMATION
fixed length control field 160328s2016 enk b 001 0 eng
010 ## - LIBRARY OF CONGRESS CONTROL NUMBER
LC control number 2016014286
020 ## - INTERNATIONAL STANDARD BOOK NUMBER
International Standard Book Number 9781119010906 (cloth)
040 ## - CATALOGING SOURCE
Original cataloging agency DLC
Language of cataloging eng
Transcribing agency DLC
Description conventions rda
Modifying agency DLC
042 ## - AUTHENTICATION CODE
Authentication code pcc
050 00 - LIBRARY OF CONGRESS CALL NUMBER
Classification number TK4058
Item number .G49 2016
082 00 - DEWEY DECIMAL CLASSIFICATION NUMBER
Classification number 621.46 GEY
Edition number 23
100 1# - MAIN ENTRY--PERSONAL NAME
Personal name Geyer, Tobias,
Dates associated with a name 1975-
Relator term author.
245 10 - TITLE STATEMENT
Title Model predictive control of high power converters and industrial drives /
Statement of responsibility, etc. Tobias Geyer.
250 ## - EDITION STATEMENT
Edition statement First edition.
263 ## - PROJECTED PUBLICATION DATE
Projected publication date 1609
264 #1 - PRODUCTION, PUBLICATION, DISTRIBUTION, MANUFACTURE, AND COPYRIGHT NOTICE
Place of production, publication, distribution, manufacture Chichester, West Sussex, United Kingdom :
Name of producer, publisher, distributor, manufacturer John Wiley & Sons, Inc.,
Date of production, publication, distribution, manufacture, or copyright notice 2016.
300 ## - PHYSICAL DESCRIPTION
Extent pages cm
336 ## - CONTENT TYPE
Content type term text
Content type code txt
Source rdacontent
337 ## - MEDIA TYPE
Media type term unmediated
Media type code n
Source rdamedia
338 ## - CARRIER TYPE
Carrier type term volume
Carrier type code nc
Source rdacarrier
504 ## - BIBLIOGRAPHY, ETC. NOTE
Bibliography, etc. note Includes bibliographical references and index.
650 #0 - SUBJECT ADDED ENTRY--TOPICAL TERM
Topical term or geographic name entry element Electric motors
General subdivision Automatic control.
650 #0 - SUBJECT ADDED ENTRY--TOPICAL TERM
Topical term or geographic name entry element Electric driving
General subdivision Automatic control.
650 #0 - SUBJECT ADDED ENTRY--TOPICAL TERM
Topical term or geographic name entry element Electric current converters
General subdivision Automatic control.
650 #0 - SUBJECT ADDED ENTRY--TOPICAL TERM
Topical term or geographic name entry element Power electronics.
650 #0 - SUBJECT ADDED ENTRY--TOPICAL TERM
Topical term or geographic name entry element Predictive control.
776 08 - ADDITIONAL PHYSICAL FORM ENTRY
Relationship information Online version:
Main entry heading Geyer, Tobias, 1975- author.
Title Model predictive control of high power converters and industrial drives
Edition First edition.
Place, publisher, and date of publication Chichester, West Sussex, United Kingdom : John Wiley & Sons, Inc., 2016
International Standard Book Number 9781119010869
Record control number (DLC) 2016015090
906 ## - LOCAL DATA ELEMENT F, LDF (RLIN)
a 7
b rip
c orignew
d 1
e ecip
f 20
g y-gencatlg
942 ## - ADDED ENTRY ELEMENTS (KOHA)
Source of classification or shelving scheme
Koha item type Book
Holdings
Withdrawn status Lost status Source of classification or shelving scheme Damaged status Not for loan Collection code Permanent Location Current Location Shelving location Date acquired Total Checkouts Full call number Barcode Date last seen Price effective from Koha item type
            Central Library (CL) Central Library (CL) General Stacks 02/06/2017   621.46 GEY SEECS013680 02/06/2017 02/06/2017 Book
            Central Library (CL) Central Library (CL) General Stacks 02/06/2017   621.46 GEY SEECS013681 02/06/2017 02/06/2017 Book
© 2023 Central Library, National University of Sciences and Technology. All Rights Reserved.